UM Logo
Normal view MARC view
  • Criminology

Entry Topical Term

Number of records used in: 1

001 - CONTROL NUMBER

  • control field: 38633

003 - CONTROL NUMBER IDENTIFIER

  • control field: OSt

005 - DATE AND TIME OF LATEST TRANSACTION

  • control field: 20190506133528.0

008 - FIXED-LENGTH DATA ELEMENTS

  • fixed length control field: 190506|| aca||aabn | a|a d

040 ## - CATALOGING SOURCE

  • Original cataloging agency: OSt
  • Transcribing agency: OSt

150 ## - HEADING--TOPICAL TERM

  • Topical term or geographic name entry element: Criminology
  • General subdivision: Undergraduate thesis.

670 ## - SOURCE DATA FOUND

  • Source citation: Work cat.: (OSt): Monte De Ramos, Jimwell R. 38632, Awareness on republic act 10586 among licensed drivers of UM Digos College :, ©2018.